000 00913nam a2200229Ia 4500
999 _c41266
_d41266
001 7919
003 GE_BSU
005 20220930145005.0
008 181216sre 2012xx |||||||||||||| ||rus||
020 _a9785756706451
040 _cGE_BSU
041 _arus
080 _a327 H-62
100 _aНикитина,Ю.А.
_914932
245 _aМеждународные отношения и мировая политика :
_bВведение в специальность /
_cЮ.А. Никитина
250 _aИзд-е 2-е испр. и доп.
264 _aМосква :
_bАспект Пресс,
_c2012.
300 _a151 стр.:
_c20 см.
653 _aМеждународные отношения и мировая политика
653 _aსაერთაშორისო ურთიერთობები და მსოფლიო პოლიტიკა
942 _cBK
_2udc